01274nam a2200313 a 4500001001400000005001700014008004100031020001800072082001500090100001800105245012200123260002800245300002000273490005400293500003400347500004100381500005600422500003000478650001000508650001800518650001800536650001300554700002500567700002700592700003500619999001300654952014600667952014700813$$a000001089420200120221901.0990316s1984 espd gr0 0 000 d a84-345-8157-404a921.3bJ650 aJones, Ernest10aFreud /cErnest Jones; prólogo: C. Castilla del Pino; introducción: Lionel Trillma; traducción: Mario Carlisky. aBarcelonabSalvatc1984 a2V. ; fot., il. aBiblioteca Salvat de grandes biografías; No. 12 aBiblioteca Lanceros tiene V.1 aEdición abreviada en dos volumenes aTitulo original: the life and work of sigmund freud aISBN VOL 2: 84-345-8158-214aFREUD14aPSICOANALISIS14aSUBCONCIENCIA14aSUEÑOS1 aCarlisky, Mario, tr.1 aTrillimo, Lionel, int.1 aCastilla Pino, C. del, pról. c719d719 00102ddc40708GENaBPMOSbBPMOSd2020-01-20i108440l2m2o921.3 J65pMOS018376r2023-02-10s2023-01-26tej.1w2020-01-20yBKzOcho días 00102ddc40708GENaBPMOSbBPMOSd2020-01-20i108441l1o921.3 J65oV.2 ej.1pMOS018387r2024-07-08s2024-06-29w2020-01-20yBKzOcho días